| 000 | 00966nam a2200121Ia 4500 | ||
|---|---|---|---|
| 008 | 220615s9999||||xx |||||||||||||| ||und|| | ||
| 245 | 0 | _aData Mining in Smart Grids | |
| 546 | _aEnglish[eng] | ||
| 650 | _avoltage regulation||smart grid||decentralized control architecture||multi-agent systems||t-SNE algorithm||numerical weather prediction||data preprocessing||data visualization||wind power generation||partial discharge||gas insulated switchgear||case-based reasoning||data matching||variational autoencoder||DSHW||TBATS||NN-AR||time-series clustering||decentral smart grid control (DSGC)||interpretable and accurate DSGC-stability prediction||data mining||computational intelligence||fuzzy rule-based classifiers||multi-objective evolutionary optimization||power systems resilience||dynamic Bayesian network||Markov model||probabilistic modeling||resilience models | ||
| 700 | _aVaccaro, Alfredo | ||
| 856 | _uhttps://mdpi.com/books/pdfview/book/2981 | ||
| 942 | _cEB | ||
| 999 |
_c7729 _d7729 |
||